| 000 | 00840nam a2200289 a 4500 | ||
|---|---|---|---|
| 001 | 000026512 | ||
| 003 | DO-SdBNP | ||
| 005 | 20221213121601.0 | ||
| 007 | 000026512 | ||
| 008 | 110322s2014 dr a 000 0 spa d | ||
| 020 | _a9789945080858 | ||
| 040 |
_aBPMSU _bspa _cBPMSU |
||
| 082 |
_a972.93 _bA367s 2014 _222 |
||
| 092 | _b | ||
| 100 | 1 | _aAlemar, Luis E. | |
| 245 | 1 | 0 |
_a Santo Domingo : _bapuntaciones históricas / _cLuis E. Alemar |
| 260 |
_aSanto Domingo : _b Cielo Naranja, _c2014 |
||
| 300 |
_a279 p. : _bil. ; _c22 cm. |
||
| 490 | 0 | _aCielo naranja | |
| 500 | _aIncluye referencias bibliográficas y notas al pie de las páginas | ||
| 590 | _6Inventariado, 2022/VM | ||
| 650 | _a | ||
| 651 | 4 |
_aSanto Domingo (Ciudad) _xHistorial |
|
| 651 | 4 |
_aSanto Domingo (Ciudad) _xCalles |
|
| 910 | _aVMateo V. | ||
| 942 |
_2ddc _cBK |
||
| 999 |
_c14358 _d14358 |
||